00000000nam 2200000zi 4500
0019.947509
003CaOODSP
00520250403102727
006m     o  d f      
007cr mn|||||||||
008250129e20250129oncbd   obs  f000 0 fre d
040 |aCaOODSP|bfre|erda|cCaOODSP
043 |an-cn---
0861 |aCS75-006/2025-2-3F-PDF
1001 |aThomson, Myfanwy, |eauteur.
24510|aAu-delà de la répartition entre régions urbaines et régions rurales : |brepenser la géographie sociale du Canada / |cpar Myfanwy Thomson, Maire Sinha, Simon Hemm et Lauren Pinault.
264 1|a[Ottawa] : |bStatistique Canada = Statistics Canada, |c29 janvier 2025.
264 4|c©2025
300 |a1 ressource en ligne (8 pages) : |billustration en couleur, cartes en couleur.
336 |atexte|btxt|2rdacontent/fre
337 |ainformatique|bc|2rdamedia/fre
338 |aressource en ligne|bcr|2rdacarrier/fre
4901 |aRegards sur la société canadienne, |v2291-0859
500 |aPublié aussi en anglais sous le titre : Beyond urban and rural : rethinking the social geography of Canada.
500 |a« N° 75‑006‑X au catalogue. »
504 |aComprend des références bibliographiques (page 8).
650 6|aQualité de la vie|zCanada|vStatistiques.
650 6|aAppartenance (Psychologie sociale)|zCanada|vStatistiques.
650 6|aGéographie sociale|zCanada.
655 7|aStatistiques|2rvmgf
7102 |aStatistique Canada, |eorganisme de publication.
77508|tBeyond urban and rural : |w(CaOODSP)9.947503
830#0|aRegards sur la société canadienne (Statistique Canada)|w(CaOODSP)9.503798
85640|qPDF|s1.39 Mo|uhttps://publications.gc.ca/collections/collection_2025/statcan/75-006-x/75-006-2025-2-3-fra.pdf
8564 |qHTML|sS.O.|uhttps://www150.statcan.gc.ca/n1/pub/75-006-x/2025002/article/00003-fra.htm